000 00836nam a22002171a 4500
020 _c0.00
040 _aNEGST Library - Kenya
050 _aPJ 2471.12.N54 2007
082 _aPJ 2471.12.N54 2007
100 _aNigussie, Yirgu
245 _aThe Oromo nominal and adjectival predicates
_cYirgu Nigussie
_h[Text]
260 _aNairobi, Kenya.]
_b[NEGST
_c2007
300 _axii, 62 leaves.;
440 _aThesis (M.A. Translation Studies) Nairobi Evangelical Graduate School of Theology (Kenya)
500 _aIncludes bibliographical references Thesis (M.A. Translation Studies) - NEGST, Nairobi [Africana]
600 _aOromo language
_xGrammar.
600 _aOromo - African languages
852 _910.00
852 _910.00
942 0 0 _01
999 _c222
_d222